[Event "Harrogate 4NCL op-C 29th"]
[Site "Harrogate"]
[Date "2023.01.22"]
[Round "5"]
[White "Weldon, James"]
[Black "Scorer, David M"]
[Result "0-1"]
[WhiteElo "1491"]
[BlackElo "1422"]
[PlyCount "102"]
[EventDate "2023.01.20"]
[EventType "swiss"]
[EventRounds "5"]
[EventCountry "ENG"]
[SourceTitle "CBM 212 Extra"]
[Source "ChessBase"]
[SourceDate "2023.03.31"]
[SourceVersion "1"]
[SourceVersionDate "2023.03.31"]
[SourceQuality "1"]

1. d4 Nf6 2. g3 d5 3. c4 c6 4. c5 g6 5. h4 Bg7 6. f3 Nbd7 7. g4 e5 8. h5 exd4 9. h6 Bf8 10. Qxd4 Bxc5 11. Qc3 d4 12. Qc4 0-0 13. b4 Bb6 14. Bh3 Ne5 15. Qb3 Be6 16. Qd1 Qe7 17. g5 Nd5 18. a3 Rfd8 19. f4 Nc4 20. Qd3 Nce3 21. Qe4 Bxh3 22. Qxe7 Nxe7 23. Bxe3 dxe3 24. Nxh3 Nf5 25. 0-0 Rd7 26. Nc3 Rad8 27. Ne4 Bd4 28. Rad1 Bh8 29. Rxd7 Rxd7 30. Nf6+ Bxf6 31. gxf6 Nxh6 32. Ng5 Nf5 33. Ne4 Nd4 34. Kg2 Nxe2 35. Kf3 Nd4+ 36. Kxe3 Ne6 37. Rg1 Kf8 38. Rh1 h5 39. f5 Nd4 40. Nc5 Nxf5+ 41. Kf4 Rd6 42. a4 b6 43. Ne4 Rd4 44. Ke5 Rxe4+ 45. Kxe4 Ng3+ 46. Kf3 Nxh1 47. Kg2 Ke8 48. Kxh1 Kd7 49. Kg2 Ke6 50. Kg3 Kxf6 51. Kf4 c5 0-1

[Event "Harrogate 4NCL op-C 29th"]
[Site "Harrogate"]
[Date "2023.01.21"]
[Round "3"]
[White "Butterworth, Brian"]
[Black "Scorer, David M"]
[Result "1/2-1/2"]
[WhiteElo "1564"]
[BlackElo "1422"]
[PlyCount "54"]
[EventDate "2023.01.20"]
[EventType "swiss"]
[EventRounds "5"]
[EventCountry "ENG"]
[SourceTitle "CBM 212 Extra"]
[Source "ChessBase"]
[SourceDate "2023.03.31"]
[SourceVersion "1"]
[SourceVersionDate "2023.03.31"]
[SourceQuality "1"]

1. d4 Nf6 2. Bf4 d5 3. e3 c6 4. c3 Bf5 5. Bd3 Bxd3 6. Qxd3 e6 7. Nf3 Be7 8. Nbd2 Nbd7 9. h3 Qb6 10. Qc2 c5 11. 0-0 0-0 12. Rfe1 Rac8 13. Rab1 cxd4 14. exd4 Bd6 15. Bxd6 Qxd6 16. Ne5 Qc7 17. Ndf3 Nxe5 18. Nxe5 Qe7 19. Qe2 Ne4 20. Rbd1 a6 21. Rd3 g6 22. Qg4 Qg5 23. Qxg5 Nxg5 24. f3 h5 25. h4 Nh7 26. f4 Nf6 27. Nf3 Ne4 1/2-1/2

[Event "South Normanton Hull op 56th"]
[Site "South Normanton"]
[Date "2019.11.03"]
[Round "4"]
[White "Scorer, David M"]
[Black "Kelly, Michael"]
[Result "0-1"]
[WhiteElo "107"]
[BlackElo "124"]
[PlyCount "63"]
[EventDate "2019.11.01"]
[EventType "swiss"]
[EventRounds "5"]
[EventCountry "ENG"]
[SourceTitle "EXT 2025"]
[Source "ChessBase"]
[SourceDate "2024.10.14"]
[SourceVersion "1"]
[SourceVersionDate "2024.10.14"]
[SourceQuality "1"]

1. d4 Nf6 2. Nf3 d6 3. c4 Na6 4. Nc3 e5 5. e4 Be7 6. Be2 exd4 7. Nxd4 Nc5 8. f3 0-0 9. 0-0 c6 10. Be3 Be6 11. Nxe6 Nxe6 12. Qd2 Qc7 13. Rfd1 Rad8 14. Rac1 b6 15. Qc2 h6 16. a3 Nh5 17. Qd2 Bg5 18. Bxg5 hxg5 19. b4 Nhf4 20. Qe3 Qb7 21. Bf1 d5 22. cxd5 cxd5 23. exd5 Nxd5 24. Nxd5 Rxd5 25. Bc4 Rxd1+ 26. Rxd1 Nf4 27. Bb3 Qb8 28. Re1 Qd8 29. Rd1 Qf6 30. Bc4 Rd8 31. Rxd8+ Qxd8 32. Bb3 0-1